[Event "European Senior Team Championship 2021"]
[Site "Don Giovanni hotel, Vinohradska 2733, Prague, Czech Republic"]
[Date "2021.09.07"]
[Round "9"]
[Board "4"]
[White "Berthelot, Yannick"]
[Black "Restas, Peter"]
[Result "1-0"]
[WhiteElo "2266"]
[BlackElo "2115"]
[PlyCount "0"]
[EventDate "2021.08.30"]
[EventType "team"]
[EventRounds "9"]
[EventCountry "ECX"]
[WhiteTeam "FRANCE"]
[BlackTeam "HUNGARY"]

1. e4 {[%clk 1:30:53]} c5 {[%clk 1:30:58]} 2. Nf3 {[%clk 1:31:11]} d6
{[%clk 1:31:24]} 3. d4 {[%clk 1:31:29]} cxd4 {[%clk 1:31:51]} 4. Nxd4
{[%clk 1:31:54]} Nf6 {[%clk 1:32:12]} 5. Nc3 {[%clk 1:32:11]} a6 {[%clk 1:32:33]}
6. f3 {[%clk 1:32:12]} e5 {[%clk 1:32:29]} 7. Nb3 {[%clk 1:32:24]} Be6
{[%clk 1:32:55]} 8. Be3 {[%clk 1:32:28]} Be7 {[%clk 1:33:09]} 9. Qd2
{[%clk 1:32:38]} O-O {[%clk 1:33:16]} 10. O-O-O {[%clk 1:32:44]} Qc7
{[%clk 1:33:33]} 11. g4 {[%clk 1:32:00]} Rc8 {[%clk 1:33:47]} 12. g5
{[%clk 1:31:54]} Nh5 {[%clk 1:33:42]} 13. Nd5 {[%clk 1:28:11]} Bxd5
{[%clk 1:32:52]} 14. exd5 {[%clk 1:28:35]} Nd7 {[%clk 1:32:26]} 15. Kb1
{[%clk 1:25:42]} a5 {[%clk 1:28:21]} 16. a3 {[%clk 1:25:48]} a4 {[%clk 1:23:46]}
17. Nc1 {[%clk 1:25:47]} Nb6 {[%clk 1:22:39]} 18. Rg1 {[%clk 1:24:02]} Nc4
{[%clk 1:14:21]} 19. Bxc4 {[%clk 1:24:19]} Qxc4 {[%clk 1:14:50]} 20. Rg4
{[%clk 1:24:03]} Qc7 {[%clk 1:07:42]} 21. Na2 {[%clk 1:13:35]} Qd7
{[%clk 0:56:56]} 22. Qd3 {[%clk 1:02:27]} g6 {[%clk 0:41:18]} 23. Nc3
{[%clk 0:57:41]} Ng7 {[%clk 0:31:31]} 24. h4 {[%clk 0:55:20]} Nf5
{[%clk 0:21:24]} 25. Bf2 {[%clk 0:55:00]} Bd8 {[%clk 0:20:39]} 26. Rdg1
{[%clk 0:43:24]} Ra5 {[%clk 0:13:05]} 27. Rc4 {[%clk 0:20:29]} Rxc4
{[%clk 0:08:53]} 28. Qxc4 {[%clk 0:20:54]} h5 {[%clk 0:05:04]} 29. gxh6
{[%clk 0:17:58]} Nxh6 {[%clk 0:05:33]} 30. Ne4 {[%clk 0:14:39]} Qf5
{[%clk 0:02:54]} 31. Qd3 {[%clk 0:12:25]} Kh7 {[%clk 0:02:24]} 32. Be1
{[%clk 0:07:43]} Ra6 {[%clk 0:02:42]} 33. Bd2 {[%clk 0:07:52]} Qd7
{[%clk 0:02:32]} 34. Bg5 {[%clk 0:08:04]} Bxg5 {[%clk 0:02:33]} 35. hxg5
{[%clk 0:05:13]} Ng8 {[%clk 0:03:02]} 36. c4 {[%clk 0:05:22]} Qf5
{[%clk 0:02:38]} 37. c5 {[%clk 0:03:32]} dxc5 {[%clk 0:03:04]} 38. d6
{[%clk 0:03:51]} Ra8 {[%clk 0:03:32]} 39. Rd1 {[%clk 0:01:27]} b6
{[%clk 0:03:41]} 40. Qd5 {[%clk 0:00:46]} Rd8 {[%clk 0:03:46]} 41. Ka1
{[%clk 0:29:49]} Kg7 {[%clk 0:34:11]} 42. Rd3 {[%clk 0:26:48]} Rd7
{[%clk 0:32:30]} 43. Qc6 {[%clk 0:22:50]} Qe6 {[%clk 0:27:46]} 44. Qxb6
{[%clk 0:20:29]} c4 {[%clk 0:21:54]} 45. Nc5 {[%clk 0:19:54]} Qh3
{[%clk 0:21:30]} 46. Rc3 {[%clk 0:19:45]}  1-0

[Event "European Senior Team Championship 2021"]
[Site "Don Giovanni hotel, Vinohradska 2733, Prague, Czech Republic"]
[Date "2021.09.07"]
[Round "9"]
[Board "1"]
[White "Huss, Andreas"]
[Black "Pribyl, Josef"]
[Result "1/2-1/2"]
[WhiteElo "2249"]
[BlackElo "2226"]
[PlyCount "0"]
[EventDate "2021.08.30"]
[EventType "team"]
[EventRounds "9"]
[EventCountry "ECX"]
[WhiteTeam "SWITZERLAND"]
[BlackTeam "CHESS ACADEMY PRAHA"]

1. d4 {[%clk 1:30:55]} Nf6 {[%clk 1:30:58]} 2. c4 {[%clk 1:31:15]} g6
{[%clk 1:31:26]} 3. Nf3 {[%clk 1:31:35]} Bg7 {[%clk 1:31:50]} 4. Nc3
{[%clk 1:31:59]} d5 {[%clk 1:32:16]} 5. cxd5 {[%clk 1:32:21]} Nxd5
{[%clk 1:32:40]} 6. e4 {[%clk 1:32:46]} Nxc3 {[%clk 1:33:02]} 7. bxc3
{[%clk 1:33:10]} b6 {[%clk 1:33:22]} 8. Bb5+ {[%clk 1:31:26]} c6 {[%clk 1:33:40]}
9. Be2 {[%clk 1:30:52]} O-O {[%clk 1:32:56]} 10. O-O {[%clk 1:30:22]} c5
{[%clk 1:32:06]} 11. Be3 {[%clk 1:29:04]} Bb7 {[%clk 1:32:08]}  1/2-1/2

[Event "European Senior Team Championship 2021"]
[Site "Don Giovanni hotel, Vinohradska 2733, Prague, Czech Republic"]
[Date "2021.09.07"]
[Round "9"]
[Board "2"]
[White "Mojzis, Jaroslav"]
[Black "Hugentobler, Patrick"]
[Result "1-0"]
[WhiteElo "2030"]
[BlackElo "2168"]
[PlyCount "0"]
[EventDate "2021.08.30"]
[EventType "team"]
[EventRounds "9"]
[EventCountry "ECX"]
[WhiteTeam "CHESS ACADEMY PRAHA"]
[BlackTeam "SWITZERLAND"]

1. Nf3 {[%clk 1:30:34]} d5 {[%clk 1:30:44]} 2. d4 {[%clk 1:30:42]} Nf6
{[%clk 1:30:57]} 3. c4 {[%clk 1:30:34]} e6 {[%clk 1:31:17]} 4. g3
{[%clk 1:30:47]} Bb4+ {[%clk 1:31:30]} 5. Bd2 {[%clk 1:31:09]} Be7
{[%clk 1:31:45]} 6. Bg2 {[%clk 1:31:27]} O-O {[%clk 1:31:34]} 7. O-O
{[%clk 1:29:27]} c6 {[%clk 1:31:47]} 8. Qc2 {[%clk 1:28:30]} Nbd7
{[%clk 1:30:29]} 9. Bg5 {[%clk 1:28:12]} Ne4 {[%clk 1:24:22]} 10. Bxe7
{[%clk 1:26:44]} Qxe7 {[%clk 1:24:44]} 11. Nbd2 {[%clk 1:26:50]} f5
{[%clk 1:24:11]} 12. e3 {[%clk 1:25:23]} Ndf6 {[%clk 1:18:18]} 13. Ne5
{[%clk 1:24:05]} Bd7 {[%clk 1:08:41]} 14. Ndf3 {[%clk 1:14:49]} Be8
{[%clk 1:05:55]} 15. Nd3 {[%clk 1:14:20]} Bh5 {[%clk 0:58:59]} 16. Nfe5
{[%clk 1:14:26]} Nd7 {[%clk 0:51:30]} 17. Rfc1 {[%clk 1:01:42]} Nd6
{[%clk 0:43:41]} 18. b4 {[%clk 0:51:32]} Nxc4 {[%clk 0:31:22]} 19. Nxc4
{[%clk 0:51:28]} dxc4 {[%clk 0:31:48]} 20. Qxc4 {[%clk 0:48:13]} Be2
{[%clk 0:30:10]} 21. Qc2 {[%clk 0:47:40]} Bxd3 {[%clk 0:30:24]} 22. Qxd3
{[%clk 0:48:04]} Nb6 {[%clk 0:24:47]} 23. b5 {[%clk 0:48:06]} cxb5
{[%clk 0:22:28]} 24. Qxb5 {[%clk 0:48:03]} Rfc8 {[%clk 0:19:15]} 25. a4
{[%clk 0:47:55]} Rxc1+ {[%clk 0:16:22]} 26. Rxc1 {[%clk 0:47:45]} Qa3
{[%clk 0:16:44]} 27. Qc5 {[%clk 0:41:29]} Qxa4 {[%clk 0:16:59]} 28. Bxb7
{[%clk 0:41:37]} Rf8 {[%clk 0:15:15]} 29. Qe5 {[%clk 0:33:19]} Qe8
{[%clk 0:14:56]} 30. Rc6 {[%clk 0:26:59]} Rf6 {[%clk 0:07:44]} 31. d5
{[%clk 0:24:32]} Nd7 {[%clk 0:07:57]} 32. Qa1 {[%clk 0:19:57]} Kf7
{[%clk 0:05:42]} 33. dxe6+ {[%clk 0:18:19]} Rxe6 {[%clk 0:05:57]} 34. Rc8
{[%clk 0:18:24]} Qe7 {[%clk 0:06:04]} 35. Bd5 {[%clk 0:18:40]} Kg6
{[%clk 0:03:59]} 36. Bxe6 {[%clk 0:18:42]} Qxe6 {[%clk 0:04:28]} 37. Qc3
{[%clk 0:15:25]} Nf6 {[%clk 0:04:28]} 38. Rc7 {[%clk 0:11:30]} h6
{[%clk 0:00:44]} 39. Rxa7 {[%clk 0:10:23]} Qb6 {[%clk 0:00:50]} 40. Qd4
{[%clk 0:09:44]} Qb1+ {[%clk 0:00:45]} 41. Kg2 {[%clk 0:10:04]} Kh7
{[%clk 0:30:29]} 42. h3 {[%clk 0:38:21]} Nh5 {[%clk 0:24:15]} 43. g4
{[%clk 0:37:18]} fxg4 {[%clk 0:24:38]} 44. hxg4 {[%clk 0:37:40]} Qg6
{[%clk 0:25:00]} 45. Ra4 {[%clk 0:33:31]} Nf6 {[%clk 0:25:05]} 46. Qf4
{[%clk 0:31:02]} Qe8 {[%clk 0:22:51]} 47. Qf5+ {[%clk 0:30:15]} Kh8
{[%clk 0:23:20]} 48. Rc4 {[%clk 0:28:16]} Qa8+ {[%clk 0:23:07]} 49. e4
{[%clk 0:28:17]} Qa6 {[%clk 0:19:00]} 50. Rc8+ {[%clk 0:27:27]} Ng8
{[%clk 0:19:24]} 51. Rf8 {[%clk 0:27:17]} Qe2 {[%clk 0:19:15]} 52. Qe6
{[%clk 0:27:12]}  1-0

[Event "European Senior Team Championship 2021"]
[Site "Don Giovanni hotel, Vinohradska 2733, Prague, Czech Republic"]
[Date "2021.09.07"]
[Round "9"]
[Board "3"]
[White "Vucenovic, Dragomir"]
[Black "Mlynek, Petr"]
[Result "1/2-1/2"]
[WhiteElo "2161"]
[BlackElo "2058"]
[PlyCount "0"]
[EventDate "2021.08.30"]
[EventType "team"]
[EventRounds "9"]
[EventCountry "ECX"]
[WhiteTeam "SWITZERLAND"]
[BlackTeam "CHESS ACADEMY PRAHA"]

1. Nf3 {[%clk 1:30:56]} d5 {[%clk 1:30:51]} 2. d4 {[%clk 1:31:00]} c6
{[%clk 1:31:11]} 3. g3 {[%clk 1:31:17]} Bf5 {[%clk 1:31:27]} 4. Bg2
{[%clk 1:31:34]} h6 {[%clk 1:31:43]} 5. b3 {[%clk 1:31:46]} e6 {[%clk 1:31:53]}
6. Bb2 {[%clk 1:32:04]} Nf6 {[%clk 1:32:09]} 7. O-O {[%clk 1:32:14]} Bd6
{[%clk 1:32:18]} 8. Nbd2 {[%clk 1:32:30]} O-O {[%clk 1:32:24]} 9. c4
{[%clk 1:32:39]} Nbd7 {[%clk 1:32:40]} 10. Re1 {[%clk 1:27:40]} Re8
{[%clk 1:26:41]} 11. Ne5 {[%clk 1:27:07]} Qc7 {[%clk 1:23:13]} 12. Nxd7
{[%clk 1:23:49]} Qxd7 {[%clk 1:23:05]} 13. e4 {[%clk 1:19:34]} dxe4
{[%clk 1:22:53]} 14. Nxe4 {[%clk 1:19:28]} Nxe4 {[%clk 1:22:15]} 15. Bxe4
{[%clk 1:19:15]} Bxe4 {[%clk 1:22:23]} 16. Rxe4 {[%clk 1:19:31]} Rad8
{[%clk 1:22:35]} 17. Qe2 {[%clk 1:16:10]} Be7 {[%clk 1:21:07]} 18. Re1
{[%clk 1:11:38]} Bf6 {[%clk 1:19:01]} 19. h4 {[%clk 1:03:30]} b6 {[%clk 1:15:59]}
20. a3 {[%clk 0:54:19]} c5 {[%clk 1:10:36]} 21. dxc5 {[%clk 0:49:45]} Bxb2
{[%clk 1:10:40]} 22. Qxb2 {[%clk 0:50:02]} bxc5 {[%clk 1:10:54]} 23. Qe5
{[%clk 0:45:29]} Qd6 {[%clk 1:08:55]} 24. b4 {[%clk 0:44:37]} cxb4
{[%clk 1:08:09]} 25. Qxd6 {[%clk 0:44:24]} Rxd6 {[%clk 1:08:29]} 26. axb4
{[%clk 0:44:35]} Rb8 {[%clk 1:05:46]} 27. c5 {[%clk 0:43:13]} Rd5
{[%clk 1:01:00]} 28. Ra1 {[%clk 0:42:35]} Rb7 {[%clk 1:01:10]} 29. Rc4
{[%clk 0:36:10]} Kf8 {[%clk 1:00:03]} 30. Ra5 {[%clk 0:31:40]} Ke7
{[%clk 0:55:32]} 31. Kg2 {[%clk 0:28:50]} f5 {[%clk 0:53:04]} 32. b5
{[%clk 0:26:45]} Rc7 {[%clk 0:51:08]} 33. c6 {[%clk 0:26:22]} Kd6
{[%clk 0:49:40]} 34. Rca4 {[%clk 0:20:08]} g5 {[%clk 0:47:53]} 35. h5
{[%clk 0:16:42]} g4 {[%clk 0:46:48]} 36. Kf1 {[%clk 0:13:35]} Re5
{[%clk 0:41:16]} 37. Ra2 {[%clk 0:10:08]} f4 {[%clk 0:34:15]} 38. gxf4
{[%clk 0:09:42]} Rxh5 {[%clk 0:34:30]} 39. Kg2 {[%clk 0:09:09]} Rd5
{[%clk 0:26:22]} 40. R2a3 {[%clk 0:08:03]} h5 {[%clk 0:24:08]} 41. Kg3
{[%clk 0:06:45]} Rh7 {[%clk 0:22:07]} 42. Kh4 {[%clk 0:03:10]} Rc7
{[%clk 0:19:22]} 43. Ra2 {[%clk 0:01:38]} Rg7 {[%clk 0:18:16]} 44. R2a3
{[%clk 0:22:26]} Rc7 {[%clk 0:48:24]} 45. Ra2 {[%clk 0:18:11]} Rg7
{[%clk 0:48:32]} 46. Kg3 {[%clk 0:14:41]} Rd3+ {[%clk 0:48:38]} 47. Kg2
{[%clk 0:14:54]} Rd5 {[%clk 0:49:06]} 48. Rb2 {[%clk 0:12:14]} h4
{[%clk 0:48:19]} 49. Ra3 {[%clk 0:10:28]} Rh7 {[%clk 0:47:02]} 50. Kh2
{[%clk 0:08:24]} Rg7 {[%clk 0:47:13]} 51. Kg2 {[%clk 0:07:55]} Rh7
{[%clk 0:47:23]} 52. Re3 {[%clk 0:07:00]} Rf7 {[%clk 0:47:03]} 53. Re4
{[%clk 0:06:27]} Rff5 {[%clk 0:45:57]} 54. Rc4 {[%clk 0:04:22]} Rf7
{[%clk 0:45:21]} 55. Ra4 {[%clk 0:04:23]} Rh7 {[%clk 0:45:10]} 56. Ra6
{[%clk 0:04:25]} Rc7 {[%clk 0:45:29]} 57. Kh2 Rc5 58. Rd2+ {[%clk 0:02:33]} Rd5
{[%clk 0:45:37]} 59. Rb2 {[%clk 0:02:30]} Rc5 {[%clk 0:45:57]} 60. Ra3
{[%clk 0:02:26]} Rd5 {[%clk 0:46:14]} 61. Rab3 {[%clk 0:02:35]} Rf5
{[%clk 0:46:05]} 62. f3 {[%clk 0:02:41]} g3+ {[%clk 0:45:44]} 63. Kh3 Rg7
{[%clk 0:46:00]} 64. Rd3+ {[%clk 0:01:47]} Rd5  1/2-1/2

[Event "European Senior Team Championship 2021"]
[Site "Don Giovanni hotel, Vinohradska 2733, Prague, Czech Republic"]
[Date "2021.09.07"]
[Round "9"]
[Board "4"]
[White "Horak, Vladimir"]
[Black "Issler, Christian"]
[Result "1/2-1/2"]
[WhiteElo "1954"]
[BlackElo "1982"]
[PlyCount "0"]
[EventDate "2021.08.30"]
[EventType "team"]
[EventRounds "9"]
[EventCountry "ECX"]
[WhiteTeam "CHESS ACADEMY PRAHA"]
[BlackTeam "SWITZERLAND"]

1. Nf3 {[%clk 1:30:56]} Nf6 {[%clk 1:30:52]} 2. d4 {[%clk 1:31:03]} g6
{[%clk 1:31:02]} 3. c4 {[%clk 1:31:01]} Bg7 {[%clk 1:31:23]} 4. Nc3
{[%clk 1:31:30]} d6 {[%clk 1:31:45]} 5. e4 {[%clk 1:31:45]} O-O {[%clk 1:32:06]}
6. h3 {[%clk 1:31:49]} e5 {[%clk 1:31:12]} 7. dxe5 {[%clk 1:31:40]} dxe5
{[%clk 1:31:25]} 8. Qxd8 {[%clk 1:32:04]} Rxd8 {[%clk 1:31:48]} 9. Bg5
{[%clk 1:32:05]} Re8 {[%clk 1:32:06]} 10. O-O-O {[%clk 1:31:48]} c6
{[%clk 1:26:41]} 11. Be2 {[%clk 1:28:28]} h6 {[%clk 1:22:56]} 12. Be3
{[%clk 1:28:18]} Nh7 {[%clk 1:17:05]} 13. g4 {[%clk 1:23:40]} Be6
{[%clk 1:15:30]} 14. Rd2 {[%clk 1:12:50]} Nd7 {[%clk 1:09:15]} 15. Rhd1
{[%clk 1:10:40]} Nhf8 {[%clk 1:09:12]} 16. b3 {[%clk 1:07:12]} Kh7
{[%clk 0:54:00]} 17. Ne1 {[%clk 1:03:19]} Bf6 {[%clk 0:47:24]} 18. Nd3
{[%clk 0:59:54]} Red8 {[%clk 0:45:40]} 19. Na4 {[%clk 0:55:54]} b5
{[%clk 0:42:02]} 20. Nac5 {[%clk 0:35:53]} bxc4 {[%clk 0:39:01]} 21. Nxe6
{[%clk 0:35:06]} Nxe6 {[%clk 0:38:45]} 22. bxc4 {[%clk 0:35:00]} c5 23. Nb4
{[%clk 0:26:13]} Nd4 {[%clk 0:30:50]} 24. Nd5 {[%clk 0:26:24]} Bg7
{[%clk 0:30:17]} 25. Rb2 {[%clk 0:24:41]} Rab8 {[%clk 0:30:15]} 26. Rdd2
{[%clk 0:24:38]} Rxb2 {[%clk 0:29:02]} 27. Rxb2 {[%clk 0:25:05]} Rb8
{[%clk 0:29:17]} 28. Bd1 {[%clk 0:23:30]} Rxb2 29. Kxb2 Nf6 {[%clk 0:23:40]} 30.
Nxf6+ {[%clk 0:20:52]} Bxf6 {[%clk 0:24:08]} 31. Ka3 {[%clk 0:19:47]} Bd8
{[%clk 0:22:31]} 32. Ka4 {[%clk 0:14:27]} a6 {[%clk 0:22:10]} 33. Bd2
{[%clk 0:10:50]} Nc6 {[%clk 0:20:34]} 34. Ka3 {[%clk 0:11:18]} Kg7
{[%clk 0:16:35]} 35. Be3 {[%clk 0:06:33]} Nd4 {[%clk 0:15:55]} 36. Kb2
{[%clk 0:06:43]} g5 {[%clk 0:13:35]} 37. Ba4 {[%clk 0:04:12]} Ba5
{[%clk 0:09:38]} 38. Bd7 {[%clk 0:04:14]} Be1 39. Bc8 {[%clk 0:03:06]} a5
{[%clk 0:10:11]} 40. Bd7 {[%clk 0:02:30]} Kf8 {[%clk 0:09:49]} 41. Ba4
{[%clk 0:01:35]}  1/2-1/2

[Event "European Senior Team Championship 2021"]
[Site "Don Giovanni hotel, Vinohradska 2733, Prague, Czech Republic"]
[Date "2021.09.07"]
[Round "9"]
[Board "1"]
[White "Renman, Nils-Gustaf"]
[Black "Jurek, Josef"]
[Result "1-0"]
[WhiteElo "2311"]
[BlackElo "2208"]
[PlyCount "0"]
[EventDate "2021.08.30"]
[EventType "team"]
[EventRounds "9"]
[EventCountry "ECX"]
[WhiteTeam "SWEDEN 1"]
[BlackTeam "SK SOKOL VYSEHRAD"]

1. d4 {[%clk 1:30:58]} Nf6 {[%clk 1:30:44]} 2. c4 {[%clk 1:31:19]} e6
{[%clk 1:30:46]} 3. Nf3 {[%clk 1:31:43]} d5 {[%clk 1:30:44]} 4. Nc3
{[%clk 1:32:00]} Be7 {[%clk 1:30:41]} 5. Bg5 {[%clk 1:32:11]} O-O
{[%clk 1:30:38]} 6. e3 {[%clk 1:32:29]} Nbd7 {[%clk 1:30:27]} 7. Qc2
{[%clk 1:32:43]} h6 {[%clk 1:30:07]} 8. Bh4 {[%clk 1:31:47]} c5 {[%clk 1:29:50]}
9. dxc5 {[%clk 1:25:31]} Nxc5 {[%clk 1:29:58]} 10. Rd1 {[%clk 1:25:47]} g5
{[%clk 1:24:45]} 11. Bg3 {[%clk 1:24:35]} Nce4 {[%clk 1:20:53]} 12. Bd3
{[%clk 1:19:19]} Qa5 {[%clk 1:18:01]} 13. Nd2 {[%clk 0:58:50]} Nxc3
{[%clk 1:15:38]} 14. bxc3 {[%clk 0:58:16]} Bd7 {[%clk 1:14:43]} 15. h4
{[%clk 0:56:53]} g4 {[%clk 1:13:46]} 16. Nb3 {[%clk 0:51:56]} Qa4
{[%clk 1:10:00]} 17. cxd5 {[%clk 0:51:46]} exd5 {[%clk 1:06:09]} 18. Be5
{[%clk 0:49:32]} Rac8 {[%clk 1:03:31]} 19. O-O {[%clk 0:44:00]} Rc6
{[%clk 0:53:09]} 20. f3 {[%clk 0:37:18]} g3 {[%clk 0:45:23]} 21. Bxg3
{[%clk 0:35:34]} Kh8 {[%clk 0:42:35]} 22. Bf5 {[%clk 0:29:02]} Bxf5
{[%clk 0:27:00]} 23. Qxf5 {[%clk 0:28:57]} Rg8 {[%clk 0:25:53]} 24. Kh2
{[%clk 0:24:55]} Qxa2 {[%clk 0:19:39]} 25. Nd4 {[%clk 0:25:05]} Rxc3
{[%clk 0:15:44]} 26. Qf4 {[%clk 0:18:41]} Rg6 {[%clk 0:13:38]} 27. Qb8+
{[%clk 0:14:24]} Kh7 {[%clk 0:09:43]} 28. Nf5 {[%clk 0:13:43]} Nh5
{[%clk 0:08:32]} 29. Rf2 {[%clk 0:12:20]} Qa4 {[%clk 0:07:15]} 30. Nxe7
{[%clk 0:11:42]} Rxg3 {[%clk 0:05:55]} 31. Rd4 {[%clk 0:11:51]} Qd7
{[%clk 0:04:55]} 32. Qe5 {[%clk 0:11:42]} Qc7 {[%clk 0:02:45]} 33. Qxc7
{[%clk 0:10:30]} Rxc7 {[%clk 0:03:13]} 34. Nxd5 {[%clk 0:10:48]} Rc6
{[%clk 0:01:18]} 35. Nf4 {[%clk 0:10:19]} Nxf4 {[%clk 0:00:55]} 36. Kxg3
{[%clk 0:10:40]} Nh5+ {[%clk 0:00:42]} 37. Kh3 {[%clk 0:09:41]} Nf6
{[%clk 0:00:50]} 38. e4 {[%clk 0:09:47]} Re6 {[%clk 0:00:43]} 39. g4
{[%clk 0:05:24]} Kg7 {[%clk 0:00:47]} 40. Rfd2 {[%clk 0:02:52]} Rb6
{[%clk 0:00:35]} 41. Kg3 {[%clk 0:02:41]}  1-0

[Event "European Senior Team Championship 2021"]
[Site "Don Giovanni hotel, Vinohradska 2733, Prague, Czech Republic"]
[Date "2021.09.07"]
[Round "9"]
[Board "2"]
[White "Netusil, Miloslav"]
[Black "Uddenfeldt, Dan"]
[Result "1/2-1/2"]
[WhiteElo "2146"]
[BlackElo "2309"]
[PlyCount "0"]
[EventDate "2021.08.30"]
[EventType "team"]
[EventRounds "9"]
[EventCountry "ECX"]
[WhiteTeam "SK SOKOL VYSEHRAD"]
[BlackTeam "SWEDEN 1"]

1. e4 {[%clk 1:30:58]} d6 {[%clk 1:30:18]} 2. d4 {[%clk 1:31:19]} g6
{[%clk 1:30:14]} 3. Nc3 {[%clk 1:31:35]} Bg7 {[%clk 1:30:29]} 4. Be3
{[%clk 1:31:50]} c6 {[%clk 1:30:33]} 5. Qd2 {[%clk 1:31:55]} Nd7 {[%clk 1:28:41]}
6. f3 {[%clk 1:28:44]} Qa5 {[%clk 1:23:44]} 7. h4 {[%clk 1:24:16]} h5
{[%clk 1:22:39]} 8. Nge2 {[%clk 1:14:01]} b5 {[%clk 1:19:10]} 9. Nd1
{[%clk 1:07:00]} Qc7 {[%clk 1:18:13]} 10. Nf2 {[%clk 1:07:07]} Ngf6
{[%clk 1:17:23]} 11. g3 {[%clk 1:02:00]} a5 {[%clk 1:15:46]} 12. Bg2
{[%clk 1:02:00]} Nb6 {[%clk 1:09:04]} 13. b3 {[%clk 1:01:23]} Nfd7
{[%clk 1:08:34]} 14. O-O {[%clk 0:59:56]} c5 {[%clk 1:07:56]} 15. dxc5
{[%clk 0:50:40]} dxc5 {[%clk 1:06:52]} 16. Rad1 {[%clk 0:51:02]} Ba6
{[%clk 1:01:19]} 17. f4 {[%clk 0:48:53]} Bb7 {[%clk 0:59:54]} 18. Nc3
{[%clk 0:42:38]} b4 {[%clk 0:57:41]} 19. Nd5 {[%clk 0:41:47]} Nxd5
{[%clk 0:57:27]} 20. exd5 {[%clk 0:42:07]} O-O-O {[%clk 0:54:08]} 21. Ne4
{[%clk 0:38:59]} Kb8 {[%clk 0:46:08]} 22. Qf2 {[%clk 0:32:09]} Nf6
{[%clk 0:39:04]} 23. Nxf6 {[%clk 0:32:15]} Bxf6 {[%clk 0:39:25]} 24. Bxc5
{[%clk 0:32:32]} Rc8 {[%clk 0:39:13]} 25. Ba7+ {[%clk 0:27:07]} Ka8
{[%clk 0:39:36]} 26. Bb6 {[%clk 0:27:29]} Qd6 {[%clk 0:39:42]} 27. Bxa5
{[%clk 0:26:32]} Bc3 {[%clk 0:38:43]} 28. Bb6 {[%clk 0:24:16]} Ba6
{[%clk 0:38:32]} 29. Kh2 {[%clk 0:20:45]}  1/2-1/2

[Event "European Senior Team Championship 2021"]
[Site "Don Giovanni hotel, Vinohradska 2733, Prague, Czech Republic"]
[Date "2021.09.07"]
[Round "9"]
[Board "3"]
[White "Malmdin, Nils-Ake"]
[Black "Pilar, Miloslav"]
[Result "1/2-1/2"]
[WhiteElo "2150"]
[BlackElo "2035"]
[PlyCount "0"]
[EventDate "2021.08.30"]
[EventType "team"]
[EventRounds "9"]
[EventCountry "ECX"]
[WhiteTeam "SWEDEN 1"]
[BlackTeam "SK SOKOL VYSEHRAD"]

1. e4 {[%clk 1:30:34]} e6 {[%clk 1:30:50]} 2. d4 {[%clk 1:30:44]} d5
{[%clk 1:31:07]} 3. Nc3 {[%clk 1:29:50]} Bb4 {[%clk 1:30:45]} 4. e5
{[%clk 1:29:42]} c5 {[%clk 1:30:57]} 5. a3 {[%clk 1:29:58]} Bxc3+
{[%clk 1:31:13]} 6. bxc3 {[%clk 1:30:15]} Ne7 {[%clk 1:31:15]} 7. Nf3
{[%clk 1:30:10]} Qc7 {[%clk 1:30:43]} 8. a4 {[%clk 1:30:21]} Nbc6
{[%clk 1:28:00]} 9. Qd2 {[%clk 1:13:58]} h6 {[%clk 1:23:00]} 10. Ba3
{[%clk 1:11:12]} c4 {[%clk 1:22:10]} 11. g3 {[%clk 1:10:57]} Bd7 {[%clk 1:22:14]}
12. Bg2 {[%clk 1:10:57]} O-O-O {[%clk 1:22:21]} 13. a5 {[%clk 1:02:08]} Be8
{[%clk 1:17:22]} 14. O-O {[%clk 0:59:04]} f5 {[%clk 1:13:01]} 15. exf6
{[%clk 0:54:31]} gxf6 {[%clk 1:13:16]} 16. Qe2 {[%clk 0:34:45]} Bf7
{[%clk 1:06:22]} 17. Bh3 {[%clk 0:34:10]} Nf5 {[%clk 1:05:20]} 18. Bc1
{[%clk 0:30:06]} Rde8 {[%clk 1:01:14]} 19. Bf4 {[%clk 0:28:10]} Qd7
{[%clk 1:01:00]} 20. Bxf5 {[%clk 0:19:07]} exf5 {[%clk 1:01:13]} 21. Qd2
{[%clk 0:19:27]} h5 {[%clk 1:00:52]} 22. Nh4 {[%clk 0:18:34]} Re7
{[%clk 0:58:39]} 23. Ng2  1/2-1/2